| 000 | 01353 am a2200313 a 4500 | ||
|---|---|---|---|
| 005 | 20240223090922.0 | ||
| 008 | 100630s2003||||ag d f |||| 001 0 spa d | ||
| 020 | _a9508921471 | ||
| 041 | _aspa | ||
| 092 |
_c614.4 _l8 _sBRE |
||
| 100 | 1 |
_aBreilh, Jaime. _91114 |
|
| 245 |
_aEpidemiología Crítica. _bCiencia emancipadora e interculturalidad / _cJaime Breilh. |
||
| 250 | _a1a ed. 1a reimp. | ||
| 260 |
_aBuenos Aires: _bLugar Editorial; _c2003. |
||
| 300 |
_a317 p. _c23x16 cm. |
||
| 500 | _aBreilh, J. (2003). Epidemiología Crítica. Ciencia emancipadora e interculturalidad. (1a ed.). Buenos Aires : Lugar Editorial. | ||
| 590 | _aDonación Editorial Lugar, Nov. 2005 | ||
| 653 | _aEpisteme y praxis social | ||
| 653 | _aSujeto histórico y sujeto de la ciencia: fractura y emancipación | ||
| 653 | _aComplejidad y realismo dialéctico | ||
| 653 | _aObstáculos yposibilidades frente a una epidemiología sin memoria y sin sueños | ||
| 653 | _aDos casos de hegemonía por medio de la epidemiología | ||
| 653 | _aBases para una epidemiología contrahegemónica | ||
| 653 | _aEpidemiologia lineal - epidemiología dialéctica | ||
| 653 | _aNeohumamismo popular en acción (epidemiología crítica de la intoxicación por plaguicidas) | ||
| 653 | _aEpidemiología como praxis emancipadora | ||
| 930 | _a1361 | ||
| 942 |
_2ddc _cBK |
||
| 999 |
_c456 _d456 |
||